MARC

LEADER 00000nam0a2200000 4500
001 318200
005 20231102003043.0
035 |a (RuTPU)RU\TPU\book\343697 
035 |a RU\TPU\book\34118 
090 |a 318200 
100 |a 20160422d1969 km y0rusy50 ca 
101 0 |a rus 
102 |a RU 
105 |a a z 000zy 
200 1 |a Основы электроснабжения промышленных предприятий  |f А. А. Ермилов 
205 |a 2-е изд., перераб. 
210 |a Москва  |c Энергия  |d 1969 
215 |a 304 с.  |c ил. 
606 1 |a Промышленные предприятия  |x Электроснабжение  |x Эффективность  |2 stltpush  |3 (RuTPU)RU\TPU\subj\52736  |9 71139 
610 1 |a промышленность 
610 1 |a энергоснабжение 
610 1 |a основы 
610 1 |a проектирование 
610 1 |a схемы 
610 1 |a электрические соединения 
610 1 |a расчеты 
675 |a 658.26:621.31  |v 3 
700 1 |a Ермилов  |b А. А.  |g Алексей Алексеевич 
801 0 |a RU  |b 63413507  |c 20011210  |g PSBO 
801 2 |a RU  |b 63413507  |c 20210812  |g PSBO 
900 |a Электроснабжение промышленных предприятий 
900 |a Основы электроснабжения 
942 |c BK